| 000 | 00529nam a2200193Ia 4500 | ||
|---|---|---|---|
| 005 | 20250508160854.0 | ||
| 008 | 008 250505s9999 xx 000 0 hin d | ||
| 037 | _aTextual | ||
| 040 |
_aFEDL _beng _cFEDL |
||
| 041 |
_ahin _2eng |
||
| 084 |
_a158, KLE _qFEDL |
||
| 100 |
_aKlen D.B. _9769618 |
||
| 245 | 0 | _aMansik arogiya vigyan | |
| 260 |
_aChandigarh, India _bHaryana Hindi Granth Akademi _c1974 |
||
| 300 | _a672p. | ||
| 650 | _aApplied Psychology | ||
| 942 |
_cTEXL _h158, KLE |
||
| 999 |
_c1367107 _d1367107 |
||